Angola : country brief.
| Corporate Author: | |
|---|---|
| Format: | Book |
| Published: |
cape Town:
WESGRO,
2006.
|
| Subjects: |
| LEADER | 00520cam a2200169 7i4500 | ||
|---|---|---|---|
| 001 | 0000019721 | ||
| 005 | 20070907090000.0 | ||
| 090 | 0 | 0 | |a ANGL 330.9 |b WES |
| 110 | 2 | 0 | |a The Western Cape Investment and trade Promotion Agency [WESGRO] |
| 245 | 2 | 0 | |a Angola : |b country brief. |
| 260 | 0 | 0 | |a cape Town: |b WESGRO, |c 2006. |
| 300 | # | # | |a 40 p. |
| 650 | 0 | 0 | |a Investments -- |z Angola |
| 650 | 0 | 0 | |a Business -- |z Angola |
| 650 | 0 | 0 | |a Doing business -- |z Angola |
| 651 | 0 | 0 | |a Angola |
| 999 | |a 0000020719 |b Book |c Countries |e Business Information Centre | ||